000 01321nmm a2200385 a 4500
001 ocm0002146804
003 TR-IsHL
005 20201028183857.0
008 190424s2012 tu tur
007 cr cn
020 _a9786054538331
035 _a2146804
_b(N$T)
050 0 4 _aHD45
_b.P5619 2012
090 0 4 _aHD45
_b.P5619 2012
100 1 _aPine, Joseph
245 1 0 _aSonsuz olanak: dijital cephede müşteri değeri yaratmak
_h[electronic resource] /
_cJoseph Pine ; Kim C. Korn ; çeviri Ümit Şensoy ; Yayına hazırlayan Zülfü Dicleli
260 _aİstanbul :
_bOptimist Yayınları,
_c2012
300 _a242 p.
500 _a
_x
650 4 _aİşletme ve Yönetim
650 4 _aBusiness Management
650 0 _aTeknolojik yenilikler
_x Yönetim
650 0 _aTechnological innovations
_x Management
650 0 _aDijital medya
_x Yönetim
650 0 _aDigital media
_x Management
650 0 _aYeni ürünler
650 0 _aNew products
650 0 _aMüşteri ilişkileri
650 0 _aCustomer relations
650 7 _aBUSINESS & ECONOMICS / Customer Relations
_2bisacsh
700 1 _aKorn, Kim C.
700 1 _aŞensoy, Ümit
700 1 _aDicleli, Zülfü
856 4 0 _uhttp://search.ebscohost.com/login.aspx?direct=true&scope=site&db=e011xww&AN=2146804
999 _c20742
_d20742